|
|
|
|
| LEADER |
01092ncm a22002532a 4500 |
| 001 |
001315292 |
| 003 |
CZ BrMZK |
| 005 |
20131212131147.0 |
| 007 |
qu |
| 008 |
130805s1910 it |||||||||||||||||ger d |
| 040 |
|
|
|a BOA001
|b cze
|
| 072 |
|
7 |
|a 782
|x Divadelní hudba. Opera, opereta, muzikál
|2 Konspekt
|9 9
|
| 100 |
1 |
|
|a Verdi, Giuseppe,
|d 1813-1901
|7 jn19990008764
|4 cmp
|
| 245 |
1 |
0 |
|a Aida
|h [hudebnina] :
|b Oper in vier Acten von Antonio Ghislanzoni : Clavier-Auszug mit Text /
|c Musik von Giuseppe Verdi ; deutsch von Julius Schanz
|
| 260 |
|
|
|a Mailand :
|b G. Ricordi & Co.,
|c [1910?]
|
| 300 |
|
|
|a 307 s.
|
| 510 |
4 |
|
|a [Winiker, C.: Haupt-Katalog der Musikalien-Leih-Anstalt,
|c 41834]
|
| 700 |
1 |
|
|a Ghislanzoni, Antonio,
|d 1824-1893
|7 jn19990002654
|4 lbt
|
| 700 |
1 |
|
|a Schanz, Julius,
|d 1828-1902
|7 jx20090608010
|4 trl
|
| 910 |
|
|
|a BOA001
|b Mus4-0186.256
|
| 990 |
|
|
|a MU
|
| 991 |
|
|
|b 201308
|
| 996 |
6 |
|
|b 2619600472
|c Mus4-0186.256
|l MZK
|r Sklad / do 1 hodiny
|n 0
|p W
|w 001350288
|u 000020
|a 1
|e BOA001
|j MZK50
|s P
|
| 996 |
6 |
|
|b 2619600473
|c Mus4-0186.256
|l MZK
|r Sklad / do 1 hodiny
|n 0
|w 001350288
|u 000010
|a 1
|e BOA001
|j MZK50
|s P
|